[Event "Reunion op 10th"]
[Site "St Denis"]
[Date "2008.10.12"]
[Round "3"]
[White "Damey, Loic"]
[Black "Adrian, Claude"]
[Result "0-1"]
[WhiteElo "1952"]
[BlackElo "2294"]
[PlyCount "38"]
[EventDate "2008.10.11"]
[EventType "swiss"]
[EventRounds "9"]
[EventCountry "RUF"]
[SourceTitle "EXT 2009"]
[Source "ChessBase"]
[SourceDate "2008.11.26"]
[SourceVersion "1"]
[SourceVersionDate "2008.11.26"]
[SourceQuality "1"]

1. d4 Nf6 2. Nf3 c5 3. d5 b5 4. Bg5 Ne4 5. e3 Bb7 6. Qd3 Nxg5 7. Nxg5 e6 8. Nxf7 Kxf7 9. dxe6+ Ke8 10. Qxb5 Bc6 11. exd7+ Qxd7 12. Qb3 Be7 13. Nc3 Rf8 14. e4 Qd4 15. f3 Rxf3 16. gxf3 Bh4+ 17. Ke2 c4 18. Qa3 Qf2+ 19. Kd1 Qe1# 0-1